000 00511nam a2200193Ia 4500
008 160319s9999 xx 000 0 und d
245 _aHow things are made /
260 _aNew Delhi :
260 _bYoung Learner Productions.
260 _cNA
300 _a1 computer optical disc :
300 _bsound, colored ;
300 _c4 3/4 in.
650 _aManufactures --
650 _aManufactures.
650 _aTechnology --
650 _xJuvenile literature.
650 _xJuvenile literature. 
999 _c292656
_d292656